MDQL
is popping MORE tags! Check the
thread
!
Quizzes
Events
Quiz Creation
Community
Videos
Private Events
Remove Ads
Sign In
Join for FREE
Feedback
Dark Mode
Quiz Categories
Sports
Geography
Music
Movies
Television
Just For Fun
Miscellaneous
History
Literature
Language
Science
Gaming
Entertainment
Religion
Holiday
For Kids
Quiz Lab
Recent
Popular Today
Quiz Kudos Today
Editor Picks
Curator Picks
Quizzes by...
Day
Popularity
Type
Ratings
Length
Year
Community
Subscriptions
Recent Discussions
Orange Saloon
Badges
Playlists
Quests
Create
Leaderboards
Showdown
Live 5
Trivia Bingo
Activity
Puzzle Library
Sporcle Events
Private Events
Virtual Trivia
Globe League
Become a Host
Pub Owners
SporcleCon
Opinionation
Our Games
Videos
Blog
Mobile Apps
Partnerships
Remove Ads and Go Orange
Feedback
Music
Pop Music
The Beatles
Song
Album
Lyrics
Bands
Singers
Artist
Clip
Rock
Rap
Classical
Billboard
Country Music
Kpop
Taylor Swift
Music
Pop Music
The Beatles
Song
Album
Lyrics
Bands
Singers
Artist
Clip
Rock
Rap
Classical
Billboard
Country Music
Kpop
Taylor Swift
Random Quiz
Search Sporcle
×
Quiz Lab
Quiz Lab
Music
Festival
Type in answers that appear in a list
Type in answers that appear in a list
Classic
Best Score? Go Orange.
Download Festival 2012 Lineup Stats
Can you name the Download Festival 2012 Lineup?
By
Sechrist1234
14m
145 Questions
150 Plays
150 Plays
150 Plays
Comments
Comments
Give Quiz Kudos
Give Quiz Kudos
-
- Ratings
hide this ad
Replay
Link that replays current quiz
Next Quiz
Link to next quiz in quiz playlist
You Got
0%
They Got
Avg Score
29%
Avg Friend Score
Upgrade to see
Score Distribution
Jump to the score distribution portion of the page
Score
0/145
Timer
14:00
0
Plays Today
Stage
Band
% Correct
Saturday Jim Marshall Stage
Metallica
92%
Friday Jim Marshall Stage
The Prodigy
86%
Sunday Jim Marshall Stage
Black Sabbath
86%
Friday Jim Marshall Stage
Machine Head
78.7%
Friday Jim Marshall Stage
Chase & Status
76.7%
Saturday Jim Marshall Stage
Biffy Clyro
76.7%
Saturday Jim Marshall Stage
Tenacious D
72.7%
Friday Zippo Encore Stage
Slash
71.3%
Saturday Jim Marshall Stage
Trivium
68%
Sunday Jim Marshall Stage
Soundgarden
68%
Sunday Jim Marshall Stage
Megadeth
66.7%
Saturday Jim Marshall Stage
Black Veil Brides
66%
Friday Jim Marshall Stage
Billy Talent
64.7%
Sunday Jim Marshall Stage
Anthrax
62.7%
Friday Jim Marshall Stage
NOFX
62%
Friday Redbull Bedroom Jam Stage
Cancer Bats
60%
Friday Jim Marshall Stage
Fear Factory
59.3%
Sunday Zippo Encore Stage
Rise Against
58%
Friday Zippo Encore Stage
Nightwish
57.3%
Saturday Pepsi Max Stage
Corey Taylor
57.3%
Sunday Jim Marshall Stage
Lamb of God
57.3%
Saturday Zippo Encore Stage
You Me At Six
56.7%
Saturday Jim Marshall Stage
Saxon
56%
Friday Jägermeister Acoustic Stage
Skindred
54%
Saturday Zippo Encore Stage
Skindred
54%
Sunday Jim Marshall Stage
Black Label Society
53.3%
Friday Zippo Encore Stage
Opeth
52.7%
Sunday Jim Marshall Stage
DevilDriver
52.7%
Saturday Jim Marshall Stage
As I Lay Dying
49.3%
Saturday Zippo Encore Stage
Killswitch Engage
48.7%
Sunday Zippo Encore Stage
Shinedown
48.7%
Saturday Zippo Encore Stage
Halestorm
46%
Sunday Jim Marshall Stage
Kyuss Live!
46%
Friday Zippo Encore Stage
Terrorvision
44.7%
Sunday Zippo Encore Stage
Refused
44.7%
Sunday Pepsi Max Stage
Ghost
44.7%
Friday Pepsi Max Stage
The Devin Townsend Project
44%
Friday Pepsi Max Stage
Soil
43.3%
Saturday Jägermeister Acoustic Stage
Soil
43.3%
Friday Pepsi Max Stage
AxeWound
42.7%
Friday Redbull Bedroom Jam Stage
Gallows
41.3%
Friday Zippo Encore Stage
Little Angels
39.3%
Saturday Pepsi Max Stage
The Mission
39.3%
Saturday Jim Marshall Stage
Steel Panthers
38.7%
Sunday Zippo Encore Stage
Sebastian Bach
38.7%
Sunday Zippo Encore Stage
Black Spiders
38.7%
Sunday Pepsi Max Stage
Periphery
38.7%
Friday Zippo Encore Stage
Red, White and Blues
38%
Saturday Pepsi Max Stage
Gun
38%
Stage
Band
% Correct
Saturday Jägermeister Acoustic Stage
Red, White, and Blues
38%
Saturday Jägermeister Acoustic Stage
Gun
38%
Saturday Zippo Encore Stage
Fozzy
37.3%
Saturday Pepsi Max Stage
The Union
37.3%
Friday Zippo Encore Stage
The Quireboys
36.7%
Saturday Pepsi Max Stage
Anti-Nowhere League
36.7%
Saturday Jägermeister Acoustic Stage
The Quireboys
36.7%
Sunday Zippo Encore Stage
Rival Sons
36%
Saturday Zippo Encore Stage
Turbonegro
35.3%
Saturday Pepsi Max Stage
Don Broco
35.3%
Sunday Pepsi Max Stage
Edguy
35.3%
Sunday Pepsi Max Stage
Firewind
34%
Sunday Jim Marshall Stage
Stellar Revival
33.3%
Sunday Zippo Encore Stage
Kobra and the Lotus
33.3%
Sunday Jägermeister Acoustic Stage
Saint Jude
33.3%
Friday Pepsi Max Stage
While She Sleeps
32.7%
Saturday Pepsi Max Stage
Sylosis
32.7%
Sunday Zippo Encore Stage
Dropkick Muphys
32.7%
Saturday Zippo Encore Stage
Theory of a Deadman
32%
Saturday Jägermeister Acoustic Stage
Heaven's Basement
32%
Sunday Pepsi Max Stage
Shadows Fall
32%
Sunday Pepsi Max Stage
Heaven's Basement
32%
Sunday Zippo Encore Stage
We Are The Ocean
31.3%
Sunday Redbull Bedroom Jam Stage
Kopek
31.3%
Friday Jägermeister Acoustic Stage
Breed 77
30.7%
Saturday Zippo Encore Stage
Ginger Wildheart
30%
Saturday Pepsi Max Stage
Turbowolf
30%
Saturday Pepsi Max Stage
My Passion
28.7%
Saturday Redbull Bedroom Jam Stage
Fearless Vampire Killers
28.7%
Sunday Jägermeister Acoustic Stage
Fearless Vampire Killers
28.7%
Saturday Zippo Encore Stage
Kids in Glass Houses
28%
Friday Pepsi Max Stage
The Defiled
27.3%
Saturday Pepsi Max Stage
The Treatment
27.3%
Saturday Pepsi Max Stage
The Yo-Yos
27.3%
Saturday Jägermeister Acoustic Stage
Toby Jepson
27.3%
Friday Redbull Bedroom Jam Stage
Upon a Burning Body
26.7%
Sunday Zippo Encore Stage
August Burns Red
26.7%
Sunday Jägermeister Acoustic Stage
Furyon
26.7%
Saturday Zippo Encore Stage
Page 44
25.3%
Friday Jägermeister Acoustic Stage
Tashin
24.7%
Sunday Zippo Encore Stage
Ugly Joe Kid
22.7%
Sunday Jägermeister Acoustic Stage
Mordecai
20%
Friday Pepsi Max Stage
Lawnmower Deth
17.3%
Friday Redbull Bedroom Jam Stage
Voodoo Six
15.3%
Sunday Pepsi Max Stage
Feed the Rhino
14.7%
Sunday Redbull Bedroom Jam Stage
Hawk Eyes
14%
Sunday Pepsi Max Stage
James Cleaver Quintet
13.3%
Friday Redbull Bedroom Jam Stage
Marmozets
10.7%
Sunday Redbull Bedroom Jam Stage
The Dirty Youth
10.7%
Stage
Band
% Correct
Friday Redbull Bedroom Jam Stage
The Safety Fire
9.3%
Sunday Pepsi Max Stage
Emmure
9.3%
Friday Jägermeister Acoustic Stage
Neonfly
8.7%
Sunday Jägermeister Acoustic Stage
Voodoo Johnson
8%
Saturday Jägermeister Acoustic Stage
Six Hour Sundown
7.3%
Sunday Jägermeister Acoustic Stage
Sanguine
7.3%
Sunday Pepsi Max Stage
La Dispute
6.7%
Sunday Redbull Bedroom Jam Stage
William Control
6.7%
Saturday Redbull Bedroom Jam Stage
Cockney Rejects
4%
Saturday Zippo Encore Stage
Lower Than Atlantis
2.7%
Saturday Redbull Bedroom Jam Stage
Butcher Babies
2.7%
Saturday Redbull Bedroom Jam Stage
Mallory Knox
2.7%
Friday Redbull Bedroom Jam Stage
Broken
2%
Friday Redbull Bedroom Jam Stage
Jelly Cats
2%
Friday Jägermeister Acoustic Stage
Million Dollar Reload
2%
Saturday Jägermeister Acoustic Stage
Tyla
2%
Sunday Redbull Bedroom Jam Stage
Kamchatka
2%
Friday Pepsi Max Stage
Hounds
1.3%
Friday Pepsi Max Stage
Silent Descent
1.3%
Friday Redbull Bedroom Jam Stage
Dead Harts
1.3%
Friday Jägermeister Acoustic Stage
With One Last Breath
1.3%
Saturday Zippo Encore Stage
Four Years Strong
1.3%
Sunday Pepsi Max Stage
Reckless Love
1.3%
Sunday Redbull Bedroom Jam Stage
With One Last Breath
1.3%
Sunday Redbull Bedroom Jam Stage
You and What Army
1.3%
Friday Pepsi Max Stage
Absolute Power
0.7%
Friday Pepsi Max Stage
Impaled Existence
0.7%
Friday Redbull Bedroom Jam Stage
Dive Bella Dive
0.7%
Friday Redbull Bedroom Jam Stage
Reachback
0.7%
Saturday Redbull Bedroom Jam Stage
LostAlone
0.7%
Saturday Redbull Bedroom Jam Stage
I Divide
0.7%
Sunday Redbull Bedroom Jam Stage
Strangle Kojak
0.7%
Saturday Pepsi Max Stage
Avosetta
0%
Saturday Pepsi Max Stage
No Americana
0%
Saturday Redbull Bedroom Jam Stage
Never Means Maybe
0%
Saturday Redbull Bedroom Jam Stage
Acoda
0%
Saturday Redbull Bedroom Jam Stage
Royal Cartel
0%
Saturday Redbull Bedroom Jam Stage
Golden Tanks
0%
Saturday Redbull Bedroom Jam Stage
Freebase
0%
Saturday Redbull Bedroom Jam Stage
4 Arm
0%
Sunday Pepsi Max Stage
Skarlett Riot
0%
Sunday Redbull Bedroom Jam Stage
The Minutes
0%
Sunday Redbull Bedroom Jam Stage
Adelaide
0%
Sunday Redbull Bedroom Jam Stage
Mechanical Smile
0%
Sunday Redbull Bedroom Jam Stage
PitchBlack
0%
Sunday Jägermeister Acoustic Stage
Daken
0%
Sunday Jägermeister Acoustic Stage
White Powder Gold
0%
Quiz Playlist
Details
Report
Send in Message
Add To Playlist
Classic:
Type in answers that appear in a list
Last Updated: Feb 16, 2017
Quiz Scoreboard
CHALLENGE
Sign Up to Join the Scoreboard
Show All
Scores
Hide
Comments
May contain spoilers
Recently Published
Image Sorting: Flags VI
by Barbecue
Geography
2m
Find the 'City' Movie
by crazypaving
Movies
60s
Colored Red Africa Blitz
by spor1
Geography
45s
More to Explore
Quiz From the Vault
Featured Blog Post
14 Easter Pick-up Lines to Find Eggs With
hide this ad
You Might Also Like...
Tags
2012
Download
Download Festival
Festival
lineup
stage
Today's Top Quizzes in Music
Browse Music
hide this ad
Today's Top Quizzes in Festival
Browse Festival
Top Contributed Quizzes in Music
1
5X2 Blitz: Bands II
2
5X2 Blitz: The Beatles
3
Taylor Swift All Songs (2024)
4
5X2 Blitz: Billboard
5
5X2 Blitz: Billboard II
6
5X2 Blitz: Album
7
Taylor Swift Logic Puzzle II
8
5X2 Blitz: Singers
9
5X2 Blitz: Rock
10
5X2 Blitz: Lyrics
Explore More
Trending Topics
Harry Potter
Disney
Marvel
Crossword
Anime
Kpop
NBA
NFL
Country
Song
Pokémon
Soccer
WWE
Puzzle
The Office
hide this ad
More By:
Sechrist1234
Quiz
Plays
Rating
Category
Featured
Created
Christian Artists By Song
156
3.00
Music
Aug 25, 2011
Download Festival 2012 Lineup
150
Music
Jul 29, 2012
Metal Band by Lead Singer
117
Music
Oct 28, 2012
Download Festival Lineup 2011
77
Music
Aug 23, 2011
Download Festival 2007 Lineup
54
Music
Aug 25, 2011
Go to Creator's Profile
Score Distribution
Quiz Creator Spotlight
Sechrist1234
Follow
Send a Message
Quizzes Created
-
Created Quiz Play Count
-
More By This Creator
Popular Quizzes Today
1
Colored Red Africa Blitz
2
Find the US States - No Outlines Minefield
3
Find the 'City' Movie
4
5x2 Blitz: Bands
5
The Countries of the World
6
Find the US States
7
Find the Countries of Europe - No Outlines Minefield
8
US States
More Music Quizzes
Common Bands
Editor's Pick
Trending Quizzes
Colored Red Europe Blitz I
Colored Red Europe Blitz II
Colored Red Africa Blitz II
Colored Red Europe Blitz III
Colored Red Africa Blitz III
Recently Updated
How Do You Spell That?
pecheneg
Godzilla Movies
pecheneg
Grab Bag: 4-10 Letters
pecheneg
2024 March Madness Bracket
pecheneg
Famous TV Couples
Peacemaker
Champions League XIs: Real Madrid
pecheneg
Largest US Cities 1790-2010
pecheneg
Rides in Walt Disney World
pecheneg
Most Oscar Losses (Acting)
pecheneg
Beyoncé Albums
pecheneg
Trending Topics
NBA
Anime
Harry Potter
Crossword
Marvel
Kpop
Disney
Soccer
WWE
Country
Puzzle
Pokémon
Song
The Office
NFL
Your Account Isn't Verified!
In order to create a playlist on Sporcle, you need to verify the email address you used during registration. Go to your
Sporcle Settings
to finish the process.
Report this User
Report this user for behavior that violates our
Community Guidelines
.
Details:
Send Report
Go to the Sporcle.com Mobile Site →
Comments